000 00457nam a2200181Ia 4500
001 3291
005 20260306145632.0
008 260306t1988||||xx |||||||||||||| ||spa||
041 _aESP
082 _a266.00985622
_bM38
100 _aMeiklejohn, Norman
_eAUT
245 0 _aLa iglesia y los lupaqas durante la colonia texto impreso
260 _c1988
300 _a284 páginas :
_c24 cm.
650 _aGEN
654 _aCHU
942 _cLIB
_dJUS
_fJUS
_2ddc
_n
999 _c3291
_d3291